Les plus gros transferts du football - Saison 2011-2012 - Statistiques

Statistiques générales
  • Ce quiz a été pris 95 fois
  • Le résultat moyen est 8 sur 10
Statistiques - réponses
Montant de transfert (M €) Nationalité Allant à Aufnehmender Verein Joueur % Correct
42,00 Argentine Palermo Paris SG Javier Pastore
100%
27,00 Cameroun Inter Anzhi Samuel Eto'o
89%
40,00 Argentine Atlético Madrid Manchester City Sergio Agüero
86%
26,00 Chili Udinese Barcelone Alexis Sánchez
85%
27,50 France Arsenal Manchester City Samir Nasri
84%
30,00 Allemagne FC Schalke 04 Bayern Munich Manuel Neuer
81%
40,00 Colombie FC Porto Atlético Madrid Radamel Falcao
81%
34,00 Espagne Arsenal Barcelone Cesc Fàbregas
79%
30,00 Portugal Benfica Real Madrid Fábio Coentrão
67%
26,70 Espagne FC Valencia Chelsea Juan Mata
51%
Aucun quiz correspondant
Distribution des résultats
% des personnes avec chaque résultat
Percentile par nombre de réponses
Votre historique - résultats
Vous n’avez pas pris ce quiz